Calles de Ansoáin - Estadísticas

Estadísticas generales
  • Esta prueba ha sido intentada 9 veces
  • La puntuación promedio es 22 de 51
Respuestas en el mapa
Las respuestas están codificadas por una escala verde-roja en el mapa de la prueba según el % correcto abajo.
 
Estadísticas de respuestas
Calle % Correcto
Berrioplano
100%
Ezkaba
100%
Navarra
100%
Plaza Consistorial
100%
Aizoáin
50%
Añezcar
50%
Ansoáin
50%
Avenida Villava
50%
Ballariáin
50%
Berriosuso
50%
Berriozar
50%
Calle San Cosme y San Damián
50%
Canal
50%
Carretera Ansoáin
50%
Carretera Artica
50%
Divina Pastora
50%
Dorrondéa
50%
Elcarte
50%
Ermitapea
50%
Fueros de Navarra
50%
Grupo Barricada
50%
Hermanos Noáin
50%
Itinerario de la Memoria
50%
Katuarri
50%
Larrazko
50%
Lerín
50%
Mendikale
50%
Ostoki
50%
Parque Zelaia
50%
Plaza Euskal Herria
50%
Plaza Nueva
50%
Plaza Rafael Alberti
50%
Plaza Sakanpea
50%
Plaza Soroko
50%
Quiñones
50%
Ronda de Pamplona
50%
Sakanpea
50%
Travesía de Padre Tomás de Burgui
50%
Travesía Lerín
50%
Travesía Montejurra
50%
Arturo Kampion
0%
Berriobide
0%
Camino de San Cristóbal
0%
Cantera
0%
Grupo San Cristóbal
0%
José María Jimeno Jurío
0%
Lapurbide
0%
Larragueta
0%
Plaza Lapurbide
0%
Rigoberta Menchu
0%
Travesía Canteras
0%
No se encontraron pruebas coincidentes
Distribución de puntuación
Porcentaje de gente con cada puntuación
Porcentaje por número respondido
Historial de tus puntuaciones
No has intentado esta prueba.